[Event "Hastings Masters 2016-17"]
[Site "Hastings ENG"]
[Date "2016.12.31"]
[Round "4.5"]
[White "Fier, Alexandr"]
[Black "Cheng, Bobby"]
[Result "1-0"]
[WhiteTitle "GM"]
[BlackTitle "IM"]
[WhiteElo "2590"]
[BlackElo "2446"]
[WhiteFideId "2107139"]
[BlackFideId "4300033"]
[EventDate "2016.12.28"]

1. d4 d5 2. c4 e6 3. Nf3 Nf6 4. Nc3 Be7 5. Bf4 O-O 6. e3 Nbd7 7. c5 Ne4 8. Rc1
f5 9. h3 c6 10. Bd3 b6 11. b4 a5 12. b5 Bb7 13. bxc6 Bxc6 14. cxb6 Nxc3 15. Rxc3
Bb4 16. O-O Bxc3 17. Bc7 Qc8 18. Qc2 Bb7 19. Qxc3 Nxb6 20. Rc1 Nc4 21. Bxc4 dxc4
22. Qxc4 Bd5 23. Qc5 Qb7 24. Ne5 Bxg2 25. Kh2 Bd5 26. Rg1 Qb4 27. Qc1 Qe7 28.
Bb6 Qh4 29. Qe1 Rf6 30. Rg3 Qh6 31. Bc7 Kh8 32. Bd6 Re8 33. Qxa5 f4 34. exf4
Rxf4 35. Qd2 Ra8 36. Nf7+ Rxf7 37. Qxh6 Rxa2 38. Qc1 Rfxf2+ 39. Kg1 Rac2 40. Qg5
Rg2+ 41. Rxg2 1-0

[Event "Hastings Masters 2016-17"]
[Site "Hastings ENG"]
[Date "2016.12.31"]
[Round "4.6"]
[White "Webb, Laurence E"]
[Black "Gledura, Benjamin"]
[Result "1/2-1/2"]
[WhiteTitle "FM"]
[BlackTitle "GM"]
[WhiteElo "2300"]
[BlackElo "2584"]
[WhiteFideId "402389"]
[BlackFideId "712779"]
[EventDate "2016.12.28"]

1. d4 d5 2. c4 c6 3. Nf3 Nf6 4. cxd5 cxd5 5. Nc3 Nc6 6. Bf4 Qb6 7. Na4 Qa5+ 8.
Bd2 Qd8 9. e3 Ne4 10. Nc3 Nxd2 11. Qxd2 e6 12. Bd3 Bd6 13. O-O O-O 14. Rac1 f5
15. Bb5 Ne7 16. Ne5 a6 17. Ba4 Ng6 18. f4 Nxe5 19. dxe5 Be7 20. Ne2 b5 21. Bd1
Bd7 22. Nd4 g6 23. Be2 Qb6 24. g3 Rac8 25. Kf2 Kf7 26. h4 Rxc1 27. Rxc1 Rc8 28.
Rxc8 Bxc8 29. Qc3 Bd7 30. b4 h6 31. a3 h5 1/2-1/2

[Event "Hastings Masters 2016-17"]
[Site "Hastings ENG"]
[Date "2016.12.31"]
[Round "4.7"]
[White "Sengupta, Deep"]
[Black "Maisuradze, Nino"]
[Result "1-0"]
[WhiteTitle "GM"]
[BlackTitle "WGM"]
[WhiteElo "2575"]
[BlackElo "2231"]
[WhiteFideId "5008352"]
[BlackFideId "13601717"]
[EventDate "2016.12.28"]

1. d4 d5 2. Nf3 Nf6 3. Bf4 c6 4. e3 Bf5 5. c4 e6 6. Nc3 Bd6 7. Bxd6 Qxd6 8. Qb3
Qe7 9. Be2 O-O 10. Ne5 h6 11. O-O Ne4 12. Nxe4 Bxe4 13. f3 Bf5 14. Rae1 a5 15.
e4 dxc4 16. Bxc4 Bh7 17. Rc1 Kh8 18. Rfd1 f6 19. Nd3 e5 20. dxe5 fxe5 21. Qb6
Qg5 22. Qc7 b5 23. Be6 Qe3+ 24. Kh1 Na6 25. Qxc6 Rad8 26. Nxe5 Rxd1+ 27. Rxd1
Nb4 28. Nf7+ Kg8 29. Qd6 1-0

[Event "Hastings Masters 2016-17"]
[Site "Hastings ENG"]
[Date "2016.12.31"]
[Round "4.8"]
[White "Taylor, Adam C"]
[Black "Gormally, Daniel W"]
[Result "1/2-1/2"]
[WhiteTitle "FM"]
[BlackTitle "GM"]
[WhiteElo "2212"]
[BlackElo "2493"]
[WhiteFideId "424668"]
[BlackFideId "406465"]
[EventDate "2016.12.28"]

1. Nf3 d5 2. g3 Bg4 3. Bg2 Nd7 4. h3 Bh5 5. d3 e6 6. O-O Bd6 7. e4 Ne7 8. Qe1 c6
9. Kh1 O-O 10. Nh4 Kh8 11. g4 Bg6 12. f4 f6 13. Nc3 Bf7 14. d4 Bb4 15. a3 Bxc3
16. Qxc3 dxe4 17. Bxe4 f5 18. Bf3 fxg4 19. hxg4 Nf5 20. Nxf5 exf5 21. g5 Nb6 22.
b3 Re8 23. Qd3 Bd5 24. Bb2 Re4 25. Qd2 Qe8 26. Bxe4 Bxe4+ 27. Kg1 Qh5 28. Qh2
Qg4+ 29. Kf2 Qf3+ 30. Kg1 Qg4+ 31. Kf2 1/2-1/2

[Event "Hastings Masters 2016-17"]
[Site "Hastings ENG"]
[Date "2016.12.31"]
[Round "4.9"]
[White "Praggnanandhaa, R"]
[Black "Dyrgaard, Kristoffer"]
[Result "1-0"]
[WhiteTitle "IM"]
[BlackTitle "FM"]
[WhiteElo "2452"]
[BlackElo "2311"]
[WhiteFideId "25059530"]
[BlackFideId "1410938"]
[EventDate "2016.12.28"]

1. e4 c5 2. Nf3 Nc6 3. d4 cxd4 4. Nxd4 Nf6 5. Nc3 e5 6. Ndb5 d6 7. Bg5 a6 8. Na3
Be6 9. Nc4 Rc8 10. Nd5 Bxd5 11. Bxf6 Qxf6 12. Qxd5 Be7 13. c3 O-O 14. Nb6 Rc7
15. Qd3 Qg6 16. g3 Bd8 17. Nd5 Rc8 18. Bh3 Rb8 19. O-O Ne7 20. Rfd1 Nxd5 21.
Qxd5 Be7 22. a4 Qh5 23. Kg2 g6 24. Rd3 Kg7 25. Rf3 Qg5 26. Bd7 f5 27. h4 Qg4 28.
exf5 Rf6 29. a5 gxf5 30. Ra4 Qg6 31. Rb4 f4 32. Kh3 Kh8 33. gxf4 Qg1 34. Rg3
Qf1+ 35. Qg2 Qxg2+ 36. Rxg2 Rxf4 37. Rxf4 exf4 38. Be6 Bf6 39. Kg4 b5 40. h5 Re8
41. Kxf4 Bxc3 42. bxc3 Rxe6 43. Kf5 Re5+ 44. Kf6 Rxh5 45. f4 Rc5 46. Re2 Rc8 47.
Kf7 h5 48. Kg6 Kg8 49. Re3 Kf8 50. f5 d5 51. Kxh5 Kf7 52. Kg5 Rc6 53. Rd3 Rc5
54. Rh3 Rc6 55. Re3 Rc4 56. Re6 Rxc3 57. Rxa6 Rg3+ 58. Kf4 Ra3 59. Ke5 Re3+ 60.
Kxd5 Rf3 61. f6 Ra3 62. Kc5 Ra1 63. Kxb5 Rb1+ 64. Kc6 Ra1 65. Kb7 Ra2 66. Ra8
Rb2+ 67. Ka7 Kxf6 68. Re8 Kf7 69. Re1 Rb3 70. a6 Rb2 71. Ka8 Rb3 72. a7 Rb2 73.
Rc1 Ke7 74. Rc8 Kd7 75. Rb8 Rc2 76. Kb7 1-0

[Event "Hastings Masters 2016-17"]
[Site "Hastings ENG"]
[Date "2016.12.31"]
[Round "4.10"]
[White "Lalic, Bogdan"]
[Black "Marusenko, Petr"]
[Result "1-0"]
[WhiteTitle "GM"]
[BlackTitle "IM"]
[WhiteElo "2443"]
[BlackElo "2214"]
[WhiteFideId "409081"]
[BlackFideId "14100606"]
[EventDate "2016.12.28"]

1. c4 e6 2. Nc3 d5 3. d4 c5 4. cxd5 exd5 5. Nf3 Nc6 6. g3 Nf6 7. Bg2 Be7 8. O-O
Be6 9. dxc5 Bxc5 10. Na4 Be7 11. Be3 O-O 12. Rc1 Qd7 13. Nd4 Bh3 14. Nxc6 bxc6
15. Bc5 Bxg2 16. Kxg2 Rfe8 17. Bxe7 Rxe7 18. Nc5 Qf5 19. e3 Ng4 20. h3 Ne5 21.
Re1 Nd7 22. Qc2 Qxc2 23. Rxc2 Ne5 24. b3 f6 25. Rd1 a5 26. Rd4 Rb8 27. e4 Rb4
28. Rxb4 axb4 29. exd5 cxd5 30. Na6 Rb7 31. Rd2 Nc6 32. Rxd5 Ra7 33. Nb8 Ne5 34.
Rd2 Kf7 35. f4 Ra8 36. fxe5 Rxb8 37. exf6 Kxf6 38. Kf3 g5 39. Kg4 Rb6 40. Kh5
Ke5 41. Kxg5 Rg6+ 42. Kh4 Rh6+ 43. Kg4 Ke4 44. h4 Rg6+ 45. Kh3 Ra6 46. Rc2 Rb6
47. Rc4+ Kf3 48. h5 Rb7 49. Kh4 1-0

[Event "Hastings Masters 2016-17"]
[Site "Hastings ENG"]
[Date "2016.12.31"]
[Round "4.11"]
[White "Kalaiyalahan, Akshaya"]
[Black "Flear, Glenn C"]
[Result "0-1"]
[WhiteTitle "FM"]
[BlackTitle "GM"]
[WhiteElo "2160"]
[BlackElo "2428"]
[WhiteFideId "422894"]
[BlackFideId "400165"]
[EventDate "2016.12.28"]

1. d4 d5 2. c4 e6 3. Nf3 Nf6 4. g3 c6 5. Bg2 Nbd7 6. O-O dxc4 7. a4 a5 8. Qc2
Nd5 9. Qxc4 Nb4 10. Bg5 Be7 11. Bxe7 Qxe7 12. Nbd2 O-O 13. Ne5 Rd8 14. Ndf3 Nxe5
15. Nxe5 f6 16. Nf3 b6 17. Qb3 Ba6 18. Rfe1 c5 19. dxc5 bxc5 20. Rac1 Rab8 21.
Qe3 Rbc8 22. Bh3 Rc6 23. Red1 e5 24. Nd2 Rcd6 25. Rxc5 Rd4 26. Rxa5 Qc7 27. Qb3+
Kh8 28. e3 Rxd2 29. Rxd2 Rxd2 30. Rxa6 Nxa6 31. Qb5 Qd8 32. Qxa6 Rxb2 33. Qc8
Qxc8 34. Bxc8 Ra2 35. Bd7 g6 36. g4 Kg7 37. Kg2 Kf8 38. Kg3 Ke7 39. Bb5 g5 40.
h3 Kd6 41. Kf3 Kc5 42. Bd7 h6 43. Be8 Kb4 44. Bd7 Kc3 45. Bb5 Rb2 46. Bc6 Kd2
47. Ke4 Ke2 48. a5 Kxf2 49. a6 Ra2 50. Bb7 Ra5 51. Bc8 Ra3 52. Bb7 Ra5 53. Bc8
Ra4+ 54. Kf5 Kxe3 55. Kxf6 Kf4 0-1

[Event "Hastings Masters 2016-17"]
[Site "Hastings ENG"]
[Date "2016.12.31"]
[Round "4.12"]
[White "Anderson, John"]
[Black "Das, Arghyadip"]
[Result "1/2-1/2"]
[BlackTitle "IM"]
[WhiteElo "2156"]
[BlackElo "2399"]
[WhiteFideId "405353"]
[BlackFideId "5003610"]
[EventDate "2016.12.28"]

1. e4 c5 2. Nf3 d6 3. Bb5+ Nd7 4. d4 cxd4 5. Qxd4 a6 6. Bxd7+ Bxd7 7. Nc3 Nf6 8.
Bg5 Bc6 9. O-O-O Qa5 10. Kb1 Qc5 11. Rhe1 h6 12. Bc1 Qxd4 13. Nxd4 e6 14. f3 Be7
15. b3 O-O-O 16. Ba3 Rhe8 17. Re2 Kc7 18. Red2 Rd7 19. Nce2 d5 20. Bxe7 Rdxe7
21. e5 Nd7 22. f4 f6 23. Nf3 g5 24. g3 gxf4 25. gxf4 Rg7 26. Rg1 Rxg1+ 27. Nexg1
fxe5 28. fxe5 Rf8 29. Kb2 Rf5 30. Re2 Rf4 31. c3 Re4 32. Nd4 Nxe5 33. Nxe6+ Kd6
34. Nd4 Bd7 35. Kc2 Rf4 36. Kd2 Rf1 37. Re1 Rf2+ 38. Re2 Rf1 39. Re1 Rf6 40. Re3
Rf2+ 41. Re2 Rf1 1/2-1/2

[Event "Hastings Masters 2016-17"]
[Site "Hastings ENG"]
[Date "2016.12.31"]
[Round "4.13"]
[White "Haria, Ravi"]
[Black "Kalavannan, Koby"]
[Result "1-0"]
[WhiteTitle "FM"]
[WhiteElo "2382"]
[BlackElo "2163"]
[WhiteFideId "415820"]
[BlackFideId "425753"]
[EventDate "2016.12.28"]

1. Nf3 c5 2. g3 Nc6 3. Bg2 g6 4. c3 e5 5. d3 d5 6. O-O Bg7 7. e4 Nge7 8. a3 a5
9. a4 O-O 10. Na3 h6 11. exd5 Nxd5 12. Nd2 Be6 13. Ndc4 Qe7 14. Re1 Rad8 15. Qb3
Bf5 16. Ne3 Nxe3 17. Bxe3 Bxd3 18. Qb6 Rd7 19. Bxc5 Qd8 20. Qxd8 Rfxd8 21. Bb6
Ra8 22. Rad1 Ra6 23. Be3 Bf5 24. Rxd7 Bxd7 25. Nb5 Ra8 26. Rd1 Bf5 27. Rd2 Bf8
28. Nd6 Bxd6 29. Rxd6 Rd8 30. Rxd8+ Nxd8 31. b4 Bc2 32. Bb6 axb4 33. cxb4 Nc6
34. b5 Nb4 35. a5 e4 36. Bc5 Nd5 37. a6 bxa6 38. b6 Nxb6 39. Bxb6 Bd3 40. Bf1
Bxf1 41. Kxf1 f5 42. h4 Kf7 43. Ke2 Ke6 44. Ke3 Kd5 45. Kf4 Ke6 46. Bd8 Kd7 47.
Bf6 Ke6 48. Bg7 Kf7 49. Bxh6 a5 50. Ke5 1-0

[Event "Hastings Masters 2016-17"]
[Site "Hastings ENG"]
[Date "2016.12.31"]
[Round "4.14"]
[White "Foo, William J"]
[Black "Siva, Mahadevan"]
[Result "1/2-1/2"]
[BlackTitle "IM"]
[WhiteElo "2145"]
[BlackElo "2360"]
[WhiteFideId "419753"]
[BlackFideId "25043153"]
[EventDate "2016.12.28"]

1. d4 Nf6 2. Nf3 g6 3. c4 Bg7 4. g3 O-O 5. Bg2 d6 6. O-O Nc6 7. Nc3 Rb8 8. e4
Bg4 9. Be3 Nd7 10. Ne2 a6 11. Rc1 e6 12. Qd2 e5 13. d5 Bxf3 14. Bxf3 Ne7 15. b4
f5 16. Bg2 fxe4 17. Nc3 Nf6 18. Bg5 Nf5 19. Nxe4 Nxe4 20. Bxe4 Bf6 21. Bxf6 Qxf6
22. f4 Nd4 23. fxe5 Qxe5 24. Rxf8+ Rxf8 25. Rd1 Qxe4 26. Qxd4 Qe2 27. c5 dxc5
28. bxc5 Rf2 29. Qxf2 Qxd1+ 30. Kg2 Qxd5+ 31. Kg1 Qf5 32. Qd4 Qb1+ 33. Kg2 Qxa2+
34. Kg1 Qb1+ 35. Kg2 Qc2+ 36. Kg1 Qc1+ 37. Kg2 Qg5 38. h4 Qe7 39. Qd5+ Kg7 40.
Qd4+ Qf6 41. Qd7+ Kh6 42. Qc8 Qc6+ 43. Kh2 Kg7 44. g4 h6 45. g5 hxg5 46. hxg5
Qxc5 47. Qd7+ Kf8 48. Qd8+ Kf7 49. Qf6+ Kg8 50. Qxg6+ Kf8 51. Qf6+ Kg8 52. Qg6+
Kf8 53. Qf6+ 1/2-1/2

[Event "Hastings Masters 2016-17"]
[Site "Hastings ENG"]
[Date "2016.12.31"]
[Round "4.15"]
[White "Thybo, Jesper Sondergaard"]
[Black "Britton, Richard L"]
[Result "1-0"]
[WhiteTitle "FM"]
[BlackTitle "FM"]
[WhiteElo "2352"]
[BlackElo "2139"]
[WhiteFideId "1438832"]
[BlackFideId "401692"]
[EventDate "2016.12.28"]

1. d4 Nf6 2. c4 g6 3. Nf3 Bg7 4. g3 O-O 5. Bg2 d6 6. Nc3 Nc6 7. O-O e5 8. dxe5
dxe5 9. Bg5 Be6 10. Qc1 Qc8 11. Rd1 Nd7 12. b3 f6 13. Bh6 Rf7 14. Bxg7 Kxg7 15.
Nd2 Ne7 16. Nde4 h6 17. Qa3 Nc6 18. Rd2 Qf8 19. Qxf8+ Raxf8 20. Na4 Ndb8 21.
Rad1 b6 22. Nec3 g5 23. Nd5 Na5 24. Nac3 Rd7 25. Ne3 Rxd2 26. Rxd2 Kf7 27. Nb5
Na6 28. Nxa7 Ke7 29. Nb5 Rd8 30. Rxd8 Kxd8 31. g4 Ke7 32. Kf1 c6 33. Nc3 Kd6 34.
Ke1 Nc7 35. Ne4+ Ke7 36. Ng3 b5 37. cxb5 cxb5 38. Ngf5+ Kd7 39. Nxh6 b4 40. Nhf5
Na6 41. Ng3 Nc5 42. Ne4 Nxe4 43. Bxe4 Kd6 44. f3 Bf7 45. Nc2 Kc5 46. Kf2 Be8 47.
Kg3 Bb5 48. e3 Bc6 49. Bxc6 Nxc6 50. h4 gxh4+ 51. Kxh4 1-0

[Event "Hastings Masters 2016-17"]
[Site "Hastings ENG"]
[Date "2016.12.31"]
[Round "4.16"]
[White "Boino, Claudio"]
[Black "Radovanovic, Jovica"]
[Result "1-0"]
[BlackTitle "FM"]
[WhiteElo "2066"]
[BlackElo "2351"]
[WhiteFideId "1901133"]
[BlackFideId "915912"]
[EventDate "2016.12.28"]

1. d4 d5 2. Nf3 Nf6 3. c4 c6 4. e3 e6 5. Nc3 Nbd7 6. Qc2 b6 7. Be2 Bb7 8. O-O
Be7 9. b3 O-O 10. Bb2 Rc8 11. Rad1 c5 12. cxd5 exd5 13. Qf5 Re8 14. Bb5 g6 15.
Qh3 Rc7 16. dxc5 bxc5 17. Rd2 a6 18. Ba4 Qa8 19. Ng5 Rd8 20. Rfd1 Nf8 21. Ne2
Nh5 22. f4 d4 23. exd4 h6 24. Nxf7 Kxf7 25. f5 Bg5 26. fxg6+ Kxg6 27. b4 cxb4
28. Ng3 Nxg3 29. Qxg3 Rc3 30. Bxc3 bxc3 31. Re2 Qb8 32. Bc2+ Kg7 33. Re5 Kh8 34.
Bb3 Qd6 35. h4 c2 36. Bxc2 Bf6 37. Bb3 Nh7 38. Re8+ Rxe8 39. Qxd6 Rd8 40. Qf4
Re8 41. Bc2 Bg7 42. Qf7 Re2 43. Bxh7 1-0

[Event "Hastings Masters 2016-17"]
[Site "Hastings ENG"]
[Date "2016.12.31"]
[Round "4.17"]
[White "Bates, Richard A"]
[Black "Norton, Craig"]
[Result "1-0"]
[WhiteTitle "IM"]
[WhiteElo "2347"]
[BlackElo "2033"]
[WhiteFideId "403555"]
[BlackFideId "411590"]
[EventDate "2016.12.28"]

1. d4 Nf6 2. g3 g6 3. Bg2 Bg7 4. e4 d6 5. Ne2 Nbd7 6. Nbc3 O-O 7. O-O e5 8. h3
Re8 9. Be3 c6 10. a4 a5 11. d5 c5 12. Nb5 Nb8 13. Nec3 Na6 14. Na3 b6 15. Nc4
Rb8 16. f4 Nh5 17. fxe5 dxe5 18. Qf3 f5 19. exf5 e4 20. Qf2 gxf5 21. Nxe4 Kh8
22. Ned6 Rf8 23. Nxc8 Rxc8 24. c3 1-0

[Event "Hastings Masters 2016-17"]
[Site "Hastings ENG"]
[Date "2016.12.31"]
[Round "4.18"]
[White "Burrows, Martin P"]
[Black "Sethuraman, S.P."]
[Result "0-1"]
[BlackTitle "GM"]
[WhiteElo "2124"]
[BlackElo "2647"]
[WhiteFideId "409057"]
[BlackFideId "5021596"]
[EventDate "2016.12.28"]

1. e4 c5 2. Nf3 e6 3. d4 cxd4 4. Nxd4 Nf6 5. Nc3 d6 6. g4 h6 7. h4 Nc6 8. Rg1 d5
9. Bb5 Bd7 10. exd5 Nxd5 11. Nxd5 exd5 12. Qe2+ Be7 13. Be3 Qa5+ 14. c3 Nxd4 15.
Bxd7+ Kxd7 16. Bxd4 Rae8 17. Kd1 Bxh4 18. Qd3 Re6 19. Re1 Rhe8 20. Rxe6 Rxe6 21.
a4 Bf6 22. Be3 a6 23. Kc2 Kc8 24. Bf4 Qc5 25. Rf1 Qc6 26. Kb1 Qxa4 27. Bg3 Qxg4 0-1

[Event "Hastings Masters 2016-17"]
[Site "Hastings ENG"]
[Date "2016.12.31"]
[Round "4.19"]
[White "Arkell, Keith C"]
[Black "Spice, Alan"]
[Result "1-0"]
[WhiteTitle "GM"]
[WhiteElo "2447"]
[BlackElo "2081"]
[WhiteFideId "400270"]
[BlackFideId "1800744"]
[EventDate "2016.12.28"]

1. d4 d5 2. Nf3 c6 3. Bg5 h6 4. Bh4 Qb6 5. b3 Bf5 6. e3 Nd7 7. Bd3 Bxd3 8. Qxd3
Ngf6 9. Nbd2 e6 10. O-O Bd6 11. c4 c5 12. cxd5 Nxd5 13. Nc4 Qa6 14. Nxd6+ Qxd6
15. dxc5 Nxc5 16. Qd4 1-0

[Event "Hastings Masters 2016-17"]
[Site "Hastings ENG"]
[Date "2016.12.31"]
[Round "4.20"]
[White "Rayner, Francis"]
[Black "Ledger, Andrew J"]
[Result "0-1"]
[BlackTitle "IM"]
[WhiteElo "2080"]
[BlackElo "2377"]
[WhiteFideId "1800132"]
[BlackFideId "400610"]
[EventDate "2016.12.28"]

1. e4 c6 2. d4 d5 3. Nd2 dxe4 4. Nxe4 Bf5 5. Ng3 Bg6 6. Bc4 e6 7. N1e2 Nf6 8. h4
h6 9. Nf4 Bh7 10. Qe2 Bd6 11. c3 O-O 12. Ngh5 Nbd7 13. Nxf6+ Qxf6 14. Nh5 Qg6
15. O-O Rfe8 16. Rd1 e5 17. Bd3 e4 18. Bc2 Nf6 19. Nf4 Qf5 20. g3 Bxf4 21. Bxf4
Bg6 22. Qf1 Bh5 23. Re1 Bf3 24. Re3 Qh5 25. Bd1 Nd5 26. Bxf3 exf3 27. Re5 Rxe5
28. Bxe5 f6 29. c4 Ne7 30. Bf4 Ng6 31. Be3 Re8 32. Qh3 f5 33. Re1 f4 34. Bd2 Re2
35. Bc3 fxg3 36. Qxg3 Nxh4 37. d5 Nf5 38. Qb8+ Kh7 39. Qh2 Qg4+ 40. Kh1 cxd5 41.
cxd5 Rxf2 0-1

[Event "Hastings Masters 2016-17"]
[Site "Hastings ENG"]
[Date "2016.12.31"]
[Round "4.21"]
[White "Batchelor, Peter J"]
[Black "Sugden, John N"]
[Result "1-0"]
[WhiteTitle "FM"]
[WhiteElo "2365"]
[BlackElo "2071"]
[WhiteFideId "424854"]
[BlackFideId "402001"]
[EventDate "2016.12.28"]

1. d4 Nf6 2. Nf3 c5 3. d5 d6 4. Nc3 g6 5. e4 Bg7 6. Bb5+ Bd7 7. a4 O-O 8. O-O
Na6 9. Re1 Nc7 10. Bf1 Bg4 11. h3 Bxf3 12. Qxf3 b6 13. Nb5 Nfe8 14. a5 Qd7 15.
Qb3 bxa5 16. Nxc7 Nxc7 17. Rxa5 Rfb8 18. Qa2 Rb7 19. c3 h6 20. f4 Kh7 21. Be2 a6
22. Bg4 Qd8 23. e5 dxe5 24. fxe5 Nb5 25. Bf3 Rba7 26. Ra4 Qc8 27. Rf4 f5 28.
exf6 Bxf6 29. Qb1 Nd6 30. Re6 Rd7 31. Bh5 Qg8 32. Rg4 1-0

[Event "Hastings Masters 2016-17"]
[Site "Hastings ENG"]
[Date "2016.12.31"]
[Round "4.22"]
[White "Teh, Eu Wen Aron"]
[Black "Willson, Ollie"]
[Result "1-0"]
[WhiteTitle "FM"]
[WhiteElo "2279"]
[BlackElo "2060"]
[WhiteFideId "5704723"]
[BlackFideId "424714"]
[EventDate "2016.12.28"]

1. d4 Nf6 2. c4 e6 3. Nc3 Bb4 4. Qc2 d5 5. cxd5 exd5 6. Bg5 h6 7. Bxf6 Qxf6 8.
a3 Bxc3+ 9. Qxc3 c6 10. e3 O-O 11. Nf3 Bf5 12. Be2 Nd7 13. b4 Qd6 14. O-O Bh7
15. Rfc1 Rfc8 16. h3 Nf6 17. Qb2 Ne4 18. a4 Qf6 19. Qa3 g5 20. Rf1 Kg7 21. Ne5
Nd2 22. Rfe1 Ne4 23. f3 Nd6 24. Bd3 Nf5 25. b5 Qe6 26. bxc6 bxc6 27. Rab1 Rc7
28. Qc5 f6 29. Ng4 Qe7 30. Qc2 Qe6 31. Qc3 Nd6 32. Bxh7 Kxh7 33. e4 Rf8 34. e5
fxe5 35. Rxe5 Qg6 36. Rbe1 Nf5 37. Qc5 Qd6 38. Qc2 Kg7 39. Rxf5 Qg6 40. Ne3 Re8
41. Re5 1-0

[Event "Hastings Masters 2016-17"]
[Site "Hastings ENG"]
[Date "2016.12.31"]
[Round "4.23"]
[White "Cunningham, Robin"]
[Black "Dilleigh, Stephen P"]
[Result "1-0"]
[WhiteTitle "FM"]
[WhiteElo "2263"]
[BlackElo "2038"]
[WhiteFideId "2005093"]
[BlackFideId "408379"]
[EventDate "2016.12.28"]

1. e4 e6 2. d4 d5 3. Nc3 Nf6 4. e5 Nfd7 5. Nf3 c5 6. dxc5 Nc6 7. Bf4 a6 8. Qd2
Nxc5 9. O-O-O Bd7 10. Kb1 Rc8 11. h4 b5 12. Bd3 Nxd3 13. Qxd3 Na5 14. Ne2 Nb7
15. Be3 Qc7 16. Bd4 Nc5 17. Bxc5 Bxc5 18. c3 Bb6 19. Ned4 h6 20. h5 O-O 21. g4
Bxd4 22. cxd4 Qc4 23. Qd2 b4 24. g5 b3 25. gxh6 Qc2+ 26. Ka1 Qxd2 27. Nxd2 gxh6
28. Nxb3 Rc2 29. Nc5 Bb5 30. a4 Be2 31. Rdg1+ Kh8 32. Kb1 Rd2 33. Rh4 Rb8 34. b3
Bd3+ 35. Kc1 Ra2 36. Rg3 Bf5 37. Rh2 Rc2+ 38. Kd1 Rb4 39. Nd3 Bxd3 40. Rxd3 Rb2
41. Rhh3 Rxf2 42. Rhg3 Rf4 43. Kc2 Rbxd4 44. Rxd4 Rxd4 45. Kc3 Re4 46. b4 a5 47.
b5 Rxa4 48. Kb2 Rc4 49. Ka3 d4 50. b6 Rc8 51. Ka4 Rd8 52. Kxa5 d3 53. b7 d2 54.
Rg1 Kh7 55. Rd1 Kg7 56. Kb6 Rd3 57. b8=Q Rb3+ 58. Kc7 Rxb8 59. Kxb8 f6 60. Rxd2
fxe5 61. Kc7 Kf6 62. Kd6 e4 63. Rf2+ Kg5 64. Ke5 Kxh5 65. Kxe4 1-0

[Event "Hastings Masters 2016-17"]
[Site "Hastings ENG"]
[Date "2016.12.31"]
[Round "4.24"]
[White "Rice, Chris B"]
[Black "Vaishali, R"]
[Result "0-1"]
[BlackTitle "WIM"]
[WhiteElo "2002"]
[BlackElo "2254"]
[WhiteFideId "404446"]
[BlackFideId "5091756"]
[EventDate "2016.12.28"]

1. c4 e5 2. g3 Nf6 3. Bg2 d5 4. cxd5 Nxd5 5. Nc3 Nb6 6. Nf3 Nc6 7. O-O Be7 8. a3
O-O 9. b4 Re8 10. d3 Bf8 11. Bb2 a5 12. b5 Nd4 13. Nd2 a4 14. e3 Ne6 15. Nf3 Ng5
16. Nxg5 Qxg5 17. Qc2 Qg6 18. Rac1 Ra5 19. Rfe1 Bf5 20. Nd5 Nxd5 21. Bxd5 Rxb5
22. Bc4 Ra5 23. Bc3 Ra7 24. Qb2 Bxd3 25. Bxe5 Bxc4 26. Rxc4 Qe6 27. Bd4 Qxc4 28.
Bxa7 b6 29. Rc1 Qb3 30. Qd4 Bd6 31. Rc4 Qb1+ 32. Kg2 Qb5 33. Kg1 Qa6 34. Rxa4
Qb7 35. e4 h6 36. Qd5 Qxd5 37. exd5 Ra8 38. Kg2 Kf8 39. Ra6 Ke7 40. a4 Bb4 0-1

[Event "Hastings Masters 2016-17"]
[Site "Hastings ENG"]
[Date "2016.12.31"]
[Round "4.25"]
[White "Larsen, Andreas"]
[Black "Player, Edmund C"]
[Result "0-1"]
[WhiteElo "1976"]
[BlackElo "2239"]
[WhiteFideId "1504843"]
[BlackFideId "406520"]
[EventDate "2016.12.28"]

1. e4 e6 2. d4 d5 3. Bd3 dxe4 4. Bxe4 Nf6 5. Bd3 c5 6. Nf3 Nc6 7. c3 cxd4 8.
cxd4 Be7 9. O-O O-O 10. Nc3 b6 11. Bf4 Bb7 12. Rc1 Nd5 13. Qd2 Nxf4 14. Qxf4 Qd6
15. Qe3 Nb4 16. Nb5 Qd8 17. Bb1 Nd5 18. Qe4 g6 19. Ne5 a6 20. Nc3 Rc8 21. Qg4 f5
22. Qd1 Nf4 23. f3 b5 24. g3 Nd5 25. Qe2 Nxc3 26. bxc3 b4 27. Rfd1 bxc3 28. Bc2
Bd5 29. a4 a5 30. Rb1 Qc7 31. Qe3 Bd6 32. g4 Bxe5 33. dxe5 fxg4 34. Rb5 Rxf3 35.
Qg5 Qa7+ 0-1

[Event "Hastings Masters 2016-17"]
[Site "Hastings ENG"]
[Date "2016.12.31"]
[Round "4.26"]
[White "Prosviriakov, Vladimir"]
[Black "Boardman, Jeffrey"]
[Result "1-0"]
[WhiteTitle "IM"]
[WhiteElo "2236"]
[BlackElo "1984"]
[WhiteFideId "2004860"]
[BlackFideId "4301382"]
[EventDate "2016.12.28"]

1. d4 d5 2. Bf4 c6 3. e3 Bf5 4. c4 Qb6 5. Qc1 Nf6 6. Nc3 Nh5 7. Bxb8 Rxb8 8.
cxd5 Nf6 9. dxc6 bxc6 10. b3 e5 11. dxe5 Ne4 12. Nxe4 Bxe4 13. f3 Bb4+ 14. Kf2
Bd5 15. Bc4 O-O 16. Ne2 f6 17. Nf4 Rbc8 18. Rd1 Kh8 19. Nxd5 cxd5 20. Rxd5 fxe5
21. Qc2 Rce8 22. Rb5 Qf6 23. Rxb4 e4 24. Rf1 exf3 25. Kg1 Rxe3 26. Rb5 Rfe8 27.
Rf5 Qg6 28. Bf7 Qb6 29. Bxe8 Rxe8+ 30. Qc5 Qd8 31. R5xf3 Kg8 32. Qxa7 1-0

[Event "Hastings Masters 2016-17"]
[Site "Hastings ENG"]
[Date "2016.12.31"]
[Round "4.27"]
[White "Spanton, Tim R"]
[Black "Oyama, Akito"]
[Result "0-1"]
[WhiteElo "1976"]
[BlackElo "2191"]
[WhiteFideId "404802"]
[BlackFideId "7001630"]
[EventDate "2016.12.28"]

1. c4 e5 2. g3 Nc6 3. Bg2 Nf6 4. Nc3 Bc5 5. a3 a6 6. e3 O-O 7. Nge2 d6 8. O-O
Ba7 9. b4 Be6 10. Nd5 Bxd5 11. cxd5 Ne7 12. Nc3 c5 13. dxc6 bxc6 14. Bb2 Rb8 15.
Rb1 Nd7 16. f4 exf4 17. Rxf4 Ne5 18. Ne4 Nd3 19. Qg4 Nxb2 20. Nf6+ Kh8 21. Qh5
h6 22. Rxb2 Rb5 23. Bd5 Nxd5 0-1